[Event "Guimaraes Open 2018"]
[Site "Guimaraes"]
[Date "2018.10.06"]
[Round "4"]
[White "Veiga, Jose Francisco Reis"]
[Black "Larino Nieto, David"]
[Result "0-1"]
[WhiteElo "2272"]
[BlackElo "2433"]
[Annotator "TA"]
[PlyCount "76"]
[EventDate "2018.10.04"]
[EventType "swiss"]
[EventCountry "POR"]
[SourceTitle "playchess.com"]
[Source "ChessBase"]
[SourceQuality "1"]

{[%evp 16,76,41,9,36,22,32,0,9,4,4,0,8,-12,-12,-10,-10,-10,-9,-10,-11,-8,-7,0,0,0,0,0,0,-114,-130,-198,-191,-283,-300,-314,-311,-316,-308,-302,-299,-359,-354,-341,-237,-360,-331,-887,-878,-1397,-1153,-1273,-1093,-812,-992,-840,-797,-1269,-1253,-1228,-912,-1193,-893]} 1. e4 d6 2. d4 Nf6 3. Nc3 e5 4. Nf3 Nbd7 5. Bc4 Be7 6. O-O Nb6 {C41: Philidor Defence} (6... O-O 7. Re1 c6 8. a4 a5 9. h3 Re8 10. Ba2 Bf8 11. Be3 Qc7 12. Ng5 Re7 13. f4 b6 14. fxe5 dxe5 15. d5 cxd5 16. exd5 {1-0 (16) Wang,H (2709)-Ivanchuk,V (2726) Huaian 2017}) 7. Be2 exd4 8. Nxd4 O-O 9. Bf3 {LiveBook: 5 Games} Re8 10. Re1 Nfd7 $146 {[%cal Bf6d7,Bd7e5,Be5f3][%mdl 32]} ({Predecessor:} 10... c6 11. b3 Bf8 12. Bb2 Nbd7 13. g3 Ne5 14. Bg2 {½-½ (40) Djukic,N (2515)-Sadikhov,U (2453) Skopje 2017}) 11. Nd5 Nxd5 12. exd5 Ne5 13. Be4 Bf6 14. b3 c5 15. dxc6 d5 16. cxb7 $1 Bxb7 17. Bf5 Nf3+ 18. gxf3 {Rxe8+ is the strong threat.} Rxe1+ 19. Qxe1 Bxd4 20. c3 Bb6 {aiming for ...Qf6.} 21. Qe5 d4 {[%cal Bd5d4,Bd4c3,Bc3c2][%mdl 32] And now ...dxc3 would win.} 22. Be4 (22. Bd2 $11) 22... Bxe4 $17 23. fxe4 (23. Qxe4 $17 dxc3 24. Kg2) 23... dxc3 $40 {[%mdl 128] Black has strong attack.} 24. Bf4 (24. Bg5 {keeps fighting.} Qc8 25. Qf5) 24... Rc8 25. Rc1 c2 {Threatens to win with ...Qd1+.} 26. Qd5 Qf6 27. Qf5 Qc6 28. Kg2 h6 29. Qd5 Qf6 30. Qe5 (30. Qf5 {was the only defense.} Qc6 31. Qd5) 30... Qg6+ 31. Kf3 $2 (31. Bg3) 31... Rc5 {Black is clearly winning.} 32. Qe8+ Kh7 33. Qd7 Rc3+ 34. Be3 Qh5+ 35. Qg4 {[#]} Bxe3 $1 {[%mdl 512]} 36. Qxh5 (36. fxe3 Rxe3+) 36... Bxc1+ 37. Kg2 Rc7 {Strongly threatening ...Bd2.} 38. Qe5 {[#]} Bf4 $1 {[%mdl 512] Precision: White = 39%, Black = 68%.} 0-1

[Event "Guimaraes Open 2018"]
[Site "Guimaraes"]
[Date "2018.10.06"]
[Round "4"]
[White "Rego, Pedro Filipe Pinho"]
[Black "Silva, Pedro Gil Ferreira "]
[Result "1/2-1/2"]
[WhiteElo "2251"]
[BlackElo "1837"]
[Annotator "TA"]
[PlyCount "67"]
[EventDate "2018.10.04"]
[EventType "swiss"]
[EventCountry "POR"]
[SourceTitle "playchess.com"]
[Source "ChessBase"]
[SourceQuality "1"]

{[%evp 23,67,11,13,2,30,15,117,36,123,83,77,79,84,83,69,0,59,9,33,0,64,0,63,63,92,17,44,20,21,0,0,0,0,0,0,0,2,0,62,-30,-31,-31,-33,-77,-58,-59]} 1. Nf3 d5 2. c4 dxc4 3. e3 Nf6 4. Bxc4 e6 5. O-O c5 6. b3 a6 7. d4 b5 8. Be2 Bb7 9. Bb2 Nbd7 10. Nbd2 Be7 11. a4 {D27: Queen's Gambit Accepted: Classical main line: 7 e4!? and 7 a4} (11. Rc1 Rc8 12. Rc2 O-O 13. Qb1 cxd4 14. Rxc8 Qxc8 15. Nxd4 Qa8 16. Bf3 Rc8 17. Bxb7 Qxb7 18. Rc1 Rc7 {½-½ (27) L'Ami,E (2605)-Wirig,A (2481) Germany 2017}) 11... bxa4 12. bxa4 O-O {LiveBook: 4 Games} 13. Nc4 {The position is equal.} Nb6 $146 ({Predecessor:} 13... cxd4 14. Bxd4 Bc5 15. Rc1 Bd5 16. Nfe5 Bxd4 17. Qxd4 Nxe5 18. Nxe5 {½-½ (31) Bellon Lopez,J (2415)-Brynell,S (2470) Stockholm 1993}) 14. Nce5 Qd5 (14... Nbd7 $11) 15. Ba3 (15. Qb1 $16) 15... Ne4 (15... Nbd7 $14) 16. Rc1 Rfc8 17. a5 Nd7 18. Bc4 Qd6 19. Nd3 (19. Qb3 $14 Bd5 20. Rfd1) 19... Qc6 (19... Qc7 $1 $11) 20. Nf4 Nef6 21. Nd3 Ne4 22. Nde5 (22. Nfe5 $14 Nxe5 23. Nxe5) 22... Nxe5 (22... Qd6 $11) 23. Nxe5 $14 Qc7 24. Bb2 (24. f3 $1 $16 {[%cal Rf3e4]} Nf6 25. Qd2) 24... Bd6 25. Qe2 Bd5 ({Of course not} 25... Qxa5 $6 26. Nxf7 $1 {[%mdl 512]} Kxf7 27. Qg4 $16) 26. f3 Bxc4 27. Rxc4 Nf6 28. Rfc1 Bxe5 29. dxe5 Nd7 30. Qd2 Nxe5 {[#]} (30... Rab8 $11) 31. Rxc5 (31. Qd4 $1 $14 {[%mdl 512]} cxd4 32. Rxc7) 31... Qxc5 $11 32. Rxc5 Rxc5 33. f4 Nc6 34. Qd3 {Precision: White = 22%, Black = 40%.} 1/2-1/2

[Event "Guimaraes Open 2018"]
[Site "Guimaraes"]
[Date "2018.10.06"]
[Round "4"]
[White "Pinho, Paulo Miguel Leitao"]
[Black "Guimaraes, Alvaro Jose"]
[Result "1-0"]
[WhiteElo "2212"]
[BlackElo "1801"]
[Annotator "TA"]
[PlyCount "35"]
[EventDate "2018.10.04"]
[EventType "swiss"]
[EventCountry "POR"]
[SourceTitle "playchess.com"]
[Source "ChessBase"]
[SourceQuality "1"]

{[%evp 17,35,32,47,43,105,108,304,298,304,301,312,281,290,282,460,468,757,724,881,879]} 1. d4 {[%cal Bd2d4,Bd4d5][%mdl 32]} g6 2. c4 Bg7 3. e4 d6 4. Nc3 Nc6 5. Be3 e5 6. d5 Nce7 7. c5 f5 8. cxd6 cxd6 9. Bb5+ Kf7 {LiveBook: 7 Games} 10. Nh3 {A42: Modern Defence: Averbakh Variation} (10. Nf3 h6 11. exf5 gxf5 12. O-O Nf6 13. Rc1 Rf8 14. Qb3 Ng6 15. Be2 Kg8 16. Nb5 Rf7 17. Nxa7 Bd7 {0-1 (41) Sagar,S (2456)-Asadli,V (2324) Abu Dhabi 2015}) 10... f4 $146 ({Black should play} 10... Bf6 $14) ({Predecessor:} 10... h6 11. f3 Nf6 12. Nf2 f4 13. Bd2 a6 14. Be2 b5 15. b4 Bd7 16. a4 Qb6 17. O-O g5 18. axb5 axb5 {1-0 (39) Sarana,A (2350)-Morozov,E (2201) Kolomna 2014}) 11. Ng5+ $16 Kf6 $2 {[#]} (11... Kf8 $16 {was worth a try.}) 12. Bxf4 $1 $18 {[%mdl 512] White has a decisive advantage.} Bh6 (12... exf4 13. h4) 13. h4 Kg7 14. Be3 Nf6 15. Be2 Qa5 $2 (15... Rf8 {was called for.} 16. O-O b5) 16. Qd2 {White is clearly winning.} Ng4 (16... Bxg5 $142 17. hxg5 Ng4) 17. Bxg4 {[#] Hoping for Ne6+.} Bxg4 18. Ne6+ 1-0

[Event "Guimaraes Open 2018"]
[Site "Guimaraes"]
[Date "2018.10.06"]
[Round "4"]
[White "Fidalgo, Andre Neves"]
[Black "Abella Vazquez, Cesar"]
[Result "1/2-1/2"]
[WhiteElo "2180"]
[BlackElo "2144"]
[Annotator "TA"]
[PlyCount "55"]
[EventDate "2018.10.04"]
[EventType "swiss"]
[EventCountry "POR"]
[SourceTitle "playchess.com"]
[Source "ChessBase"]
[SourceQuality "1"]

{[%evp 18,55,18,12,18,-3,0,0,28,20,25,22,29,15,22,25,24,20,19,17,22,12,43,0,27,47,33,37,41,31,24,0,0,0,0,0,0,0,0,0]} 1. d4 e6 2. c4 d5 3. Nf3 Nf6 4. g3 Be7 5. Bg2 O-O 6. O-O dxc4 7. Qc2 a6 8. a4 Bd7 9. Qxc4 Bc6 10. Bf4 Bd6 {E05: Open Catalan: 5 Nf3 Be7} 11. Qc1 (11. Nc3 Bxf4 12. gxf4 a5 13. e3 Nbd7 14. Kh1 Ra6 15. Rg1 Rb6 16. Qe2 Ne4 17. Qc2 f5 18. Nxe4 Bxe4 {½-½ (56) Aronian,L (2767)-So,W (2780) Saint Louis 2018}) 11... Nbd7 12. Nc3 b5 13. Ne5 Bxg2 14. Kxg2 c5 15. axb5 $146 {With the idea Nc6.} ({Predecessor:} 15. Nf3 Bxf4 16. Qxf4 b4 17. Na2 a5 18. Rac1 Qb6 19. Rfd1 Rac8 20. b3 Qa6 21. dxc5 Nxc5 22. Qe3 Ncd7 {½-½ (22) Uksini,B (2331)-Becker,D (2258) Duesseldorf 2017}) 15... cxd4 16. Nc6 Qc7 17. Ne4 Bxf4 18. gxf4 Qb6 19. Nxf6+ Nxf6 20. Rxa6 Rxa6 21. bxa6 Qxa6 22. Nxd4 Nd5 23. e3 Qd3 24. Qd1 Qe4+ {The position is equal.} 25. Qf3 Nxf4+ $1 26. Kg3 Qxf3+ $1 ({Reject} 26... Qd3 $6 27. Rd1 $16) 27. Kxf3 Nd5 28. Rc1 {Precision: White = 57%, Black = 69%.} 1/2-1/2

[Event "Guimaraes Open 2018"]
[Site "Guimaraes"]
[Date "2018.10.06"]
[Round "4"]
[White "Dias, Ivo Rodrigues"]
[Black "Marques, Ricardo Taborda Tri"]
[Result "1-0"]
[WhiteElo "2174"]
[BlackElo "1881"]
[Annotator "TA"]
[PlyCount "59"]
[EventDate "2018.10.04"]
[EventType "swiss"]
[EventCountry "POR"]
[SourceTitle "playchess.com"]
[Source "ChessBase"]
[SourceQuality "1"]

{[%evp 22,59,52,0,47,47,27,54,86,56,195,215,213,219,215,220,214,211,347,294,425,389,522,522,468,408,478,473,907,877,849,443,466,447,453,441,605,613,826,820]} 1. e4 e5 2. Nf3 Nc6 3. d4 exd4 4. Nxd4 Bc5 5. Nb3 Bb6 6. Nc3 Nf6 7. Bg5 h6 8. Bh4 d6 {C45: Schottische Partie} 9. Qe2 (9. f3 g5 10. Bg3 Qe7 11. Qd2 Bd7 12. h4 Rg8 13. O-O-O O-O-O 14. hxg5 hxg5 15. Rh6 Be6 16. Bb5 Bxb3 17. axb3 {1-0 (41) Navara,D (2726)-Malakhov,V (2691) Antalya 2017}) 9... O-O 10. O-O-O Re8 11. f3 Be6 12. g4 {LiveBook: 3 Partien} (12. Kb1 $14) 12... Ne5 13. Nd4 Bxd4 $146 ({Vorgänger:} 13... Bc4 14. Qg2 Bxf1 15. Rhxf1 {1-0 (35) Jasny,S (2320)-Sosna,J (2367) Czechia 2014}) 14. Rxd4 c5 {[#]} 15. Rd1 $1 g5 ({Günstiger ist} 15... a6 $1 $14) 16. Bg3 $18 {Und weiter mit Lxe5 wäre nett.} Nxf3 17. Qxf3 Bxg4 18. Qd3 Bxd1 19. Kxd1 Qb6 (19... b5 $142 20. Bg2 (20. Nxb5 Nxe4 21. Bg2 d5 $14) (20. Qxb5 Rb8 $11) (20. Bxd6 $2 b4 $19) 20... Rb8) 20. Kc1 Re6 (20... d5 $142 21. exd5 (21. Nxd5 Nxd5 22. exd5 Rad8 $18) 21... Nh5) 21. Qf3 g4 22. Qf4 Qb4 23. Bd3 Rae8 24. Rf1 {Weiß steht klar auf Gewinn.} Kg7 (24... Qd4 $142 25. Bh4 c4 26. Bxf6 Rxf6 27. Qxf6 Qxf6 28. Rxf6 cxd3 29. Rxh6 dxc2) 25. Bh4 {[%cal Rh4f6]} Qd4 26. Nb5 Qe5 27. Qxe5 ({Keinesfalls} 27. Nc7 Qxf4+ 28. Rxf4 Rf8 $18) 27... dxe5 28. Nc7 R8e7 29. Nd5 Nxd5 30. exd5 {Precision: Weiß = 69%, Schwarz = 28%.} 1-0

[Event "Guimaraes Open 2018"]
[Site "Guimaraes"]
[Date "2018.10.06"]
[Round "4"]
[White "Guimaraes, Rui Pinto"]
[Black "Martinez Ferreira, Oscar"]
[Result "1-0"]
[WhiteElo "2143"]
[BlackElo "1752"]
[Annotator "TA"]
[PlyCount "29"]
[EventDate "2018.10.04"]
[EventType "swiss"]
[EventCountry "POR"]
[SourceTitle "playchess.com"]
[Source "ChessBase"]
[SourceQuality "1"]

{[%evp 13,29,55,65,62,168,170,178,161,182,163,222,216,235,233,233,233,253,251]} 1. e4 g6 2. f4 Bg7 3. Nf3 c5 4. Nc3 Nc6 5. Bb5 a6 6. Bxc6 bxc6 7. O-O {B23: Closed Sicilian: Lines without g3} d6 {LiveBook: 4 Games} 8. Qe1 (8. d3 Nh6 9. Qe1 f5 10. e5 O-O 11. h3 Rb8 12. e6 d5 13. Ng5 Qd6 14. Qe2 {½-½ (30) Abu Sufian,S (2393)-Deepan Chakkravarthy,J (2523) Nagpur 2012}) 8... e6 (8... Nf6 $14) 9. e5 $18 {White is clearly better.} d5 10. b3 $146 ({Predecessor:} 10. Qf2 c4 11. b3 cxb3 12. axb3 Ne7 13. Qc5 O-O 14. Nd4 {1-0 (32) Storm,R (2315)-Tomczak,R (2315) Germany 1989}) 10... Nh6 11. d3 {[%cal Bd2d3,Bd3d4][%mdl 32]} O-O (11... Bf8 {was worth a try.} 12. Ba3 Qc7) 12. Ba3 a5 13. Bxc5 Re8 14. Na4 Ra6 15. d4 {Precision: White = 100%, Black = 12%.} 1-0

[Event "Guimaraes Open 2018"]
[Site "Guimaraes"]
[Date "2018.10.06"]
[Round "4"]
[White "Ferreira, Hugo Miguel Da Cost"]
[Black "Machado, Carlos Antonio"]
[Result "1/2-1/2"]
[WhiteElo "2130"]
[BlackElo "1780"]
[Annotator "TA"]
[PlyCount "65"]
[EventDate "2018.10.04"]
[EventType "swiss"]
[EventCountry "POR"]
[SourceTitle "playchess.com"]
[Source "ChessBase"]
[SourceQuality "1"]

{[%evp 16,65,22,7,16,23,30,19,11,20,21,21,43,43,40,47,41,28,32,15,13,19,22,17,22,0,0,-64,-60,-72,-74,-73,-90,-80,31,36,45,55,49,35,79,0,14,0,51,43,44,7,48,62,62,61]} 1. d4 Nf6 2. Nf3 g6 3. Bg5 Bg7 4. Nbd2 d5 5. e3 O-O 6. c3 c6 7. Bd3 Nbd7 8. O-O Re8 9. Re1 {LiveBook: 5 Games. D03: 1 d4 d5 2 Nf3 Nf6 3 Bg5, including Torre Attack with early ...d5} (9. e4 Nxe4 10. Nxe4 dxe4 11. Bxe4 Qb6 12. Qc2 e5 13. dxe5 Nxe5 14. Nxe5 Bxe5 {½-½ (14) Aleksic,N (2307)-Luciani,V (2247) Porto San Giorgio 2018}) 9... e5 10. e4 Qc7 11. dxe5 {White has an edge.} Nxe5 $146 ({Predecessor:} 11... Ng4 12. exd5 Ndxe5 13. Qc2 Bd7 14. h3 Nxd3 15. Qxd3 Ne5 16. Nxe5 Rxe5 17. Rxe5 Qxe5 {½-½ (54) Yurenok,M (2078)-Wilson,A (2058) West Bromwich 2005}) 12. Nxe5 Qxe5 13. Nf3 Qc7 {[%cal Rf6e4]} 14. exd5 Rxe1+ 15. Qxe1 cxd5 16. Nd4 Bd7 17. h3 Re8 18. Qd1 Ne4 19. Be3 a6 20. Qb3 Nc5 21. Qd1 {[#]} (21. Qc2 $1 $11) 21... Bxh3 $1 $15 {[%mdl 512]} 22. gxh3 {Hoping for Nc2.} Rxe3 $1 23. fxe3 {And now Kg2 would win.} Qg3+ 24. Kf1 {Strongly threatening Nc2.} Qxe3 (24... Qxh3+ $17 25. Kf2 Qh2+ 26. Ke1 Be5) 25. Qf3 $14 Qxd3+ 26. Qxd3 Nxd3 {[%mdl 4096] Endgame KRN-KBN} 27. Rb1 Nf4 28. h4 (28. Ne2 $16 Ne6 29. Rd1) 28... Ne6 29. Nf3 d4 (29... Kf8 $11) 30. cxd4 Nxd4 31. Kg2 Nxf3 32. Kxf3 Bf6 33. h5 {Precision: White = 57%, Black = 53%.} 1/2-1/2

[Event "Guimaraes Open 2018"]
[Site "Guimaraes"]
[Date "2018.10.06"]
[Round "4"]
[White "Santos, Jose Guilherme Barr"]
[Black "Martinez Dourado, Daniel"]
[Result "1-0"]
[WhiteElo "2108"]
[BlackElo "1764"]
[Annotator "TA"]
[PlyCount "65"]
[EventDate "2018.10.04"]
[EventType "swiss"]
[EventCountry "POR"]
[SourceTitle "playchess.com"]
[Source "ChessBase"]
[SourceQuality "1"]

{[%evp 12,65,19,10,25,-34,-41,-40,-37,-65,31,34,34,43,135,140,118,129,137,121,147,146,146,146,147,154,150,135,134,143,134,72,143,147,172,173,176,157,184,179,186,187,218,201,281,268,262,288,699,696,898,879,5505,5485,5381,5285]} 1. e4 d5 2. exd5 Nf6 3. d4 Bg4 4. Be2 Bxe2 5. Nxe2 Qxd5 6. O-O Nc6 7. b3 O-O-O {[%cal Rc6d4] B01: Scandinavian Defence} 8. Bb2 ({Better is} 8. c4 $11 Qh5 9. Nd2) (8. c4 Qh5 9. Be3 e5 10. d5 Ng4 11. h3 Nxe3 12. fxe3 Bc5 13. Nbc3 Bxe3+ 14. Kh1 Qg6 15. a3 {0-1 (41) Oglaza,O (2110)-Vojta,T (2384) Tatranske Zruby 2016}) 8... Qh5 $15 9. Nd2 e5 $146 {Black is slightly better.} ({Predecessor:} 9... e6 10. Nf3 Bd6 11. Ng3 Qg4 12. Re1 Qg6 13. Qe2 h5 14. c4 h4 15. Nf1 {0-1 (42) Nokso Koivisto,A (2169)-Suominen,A (1994) Finland 2011}) 10. dxe5 Ne4 (10... Ng4 $15 11. h3 Ngxe5) 11. Nd4 $1 $14 Qxd1 12. Raxd1 Nxf2 (12... Nxd2 $14 13. Rxd2 Bc5) 13. Nxc6 $16 ({Much less strong is} 13. Kxf2 $6 Nxd4 14. Ne4 Nc6 $14) 13... Nxd1 14. Nxd8 Bc5+ 15. Kh1 Nf2+ 16. Rxf2 $1 Bxf2 17. Nxf7 Rf8 18. e6 {Hoping for Ne4.} Re8 19. g3 Rxe6 20. Ne5 Bc5 21. Kg2 (21. a4 $142) 21... Bd6 (21... b5 $142) 22. Ndf3 a5 23. a4 c6 24. Kh3 Kc7 25. Kg4 b5 26. Kf5 Re7 27. Ng5 g6+ 28. Kf6 bxa4 29. bxa4 Kb6 $2 {[#]} (29... Bxe5+ 30. Bxe5+ Kd7) 30. Nc4+ $18 {White is clearly winning.} Kc5 31. Nxd6 Kxd6 32. Ba3+ c5 {[#]} 33. Bxc5+ $1 {[%mdl 512] Precision: White = 71%, Black = 40%.} 1-0

[Event "Guimaraes Open 2018"]
[Site "Guimaraes"]
[Date "2018.10.06"]
[Round "4"]
[White "Dias, Ricardo Pedro Cruz"]
[Black "Calzada Cruz, Osvaldo"]
[Result "1-0"]
[WhiteElo "2098"]
[BlackElo "1752"]
[Annotator "NA RC"]
[PlyCount "55"]
[EventDate "2018.10.04"]
[EventType "swiss"]
[EventCountry "POR"]
[SourceTitle "playchess.com"]
[Source "ChessBase"]
[SourceQuality "1"]
[TimeControl "5400+30"]

1. e4 {[%emt 0:00:00]} c6 {[%emt 0:01:54]} 2. c4 {[%emt 0:00:00]} d5 {[%emt 0:00:42]} 3. exd5 {[%emt 0:00:00]} cxd5 {[%emt 0:00:14]} 4. cxd5 {[%emt 0:00:00]} Nf6 {[%emt 0:01:25]} 5. Nc3 {[%emt 0:00:11]} Nxd5 {[%emt 0:00:30]} 6. Nf3 {[%emt 0:00:02]} g6 {[%emt 0:00:38]} 7. Bc4 {[%emt 0:02:02]} Nxc3 {[%emt 0:04:12]} 8. bxc3 {[%emt 0:00:06]} Bg7 {[%emt 0:01:40]} 9. O-O {[%emt 0:00:21]} O-O {[%emt 0:00:44]} 10. d4 {[%emt 0:01:54]} Qc7 {[%emt 0:03:53]} 11. Qb3 {[%emt 0:01:25]} Nc6 {[%emt 0:01:11]} 12. Be2 {[%emt 0:09:47]} Na5 {[%emt 0:02:31]} 13. Qb4 {[%emt 0:01:54]} Nc6 {[%emt 0:05:20]} 14. Qa3 {[%emt 0:02:50]} b6 {[%emt 0:02:21]} 15. Be3 {[%emt 0:02:47]} Na5 {[%emt 0:02:38]} 16. Nd2 {[%emt 0:04:47]} Bb7 {[%emt 0:01:23]} 17. Rac1 {[%emt 0:06:35]} Rfd8 {[%emt 0:01:23]} 18. f4 {[%emt 0:05:25]} Qc6 {[%emt 0:05:59]} 19. Rf2 {[%emt 0:09:45]} Qe6 {[%emt 0:00:36]} 20. Nf1 {[%emt 0:03:37]} Rac8 {[%emt 0:03:04]} 21. f5 {[%emt 0:07:23]} gxf5 {[%emt 0:01:26]} 22. Bg5 {[%emt 0:00:53]} f6 {[%emt 0:02:49]} 23. Bd2 {[%emt 0:02:49]} Be4 {[%emt 0:11:53]} 24. Ng3 {[%emt 0:05:37]} Nc4 {[%emt 0:07:27]} 25. Bxc4 {[%emt 0:00:11]} Rxc4 {[%emt 0:00:30]} 26. Re1 {[%emt 0:03:28]} Kf7 {[%emt 0:04:28]} 27. Nxf5 {[%emt 0:01:10]} Rc7 {[%emt 0:07:28]} 28. Ng3 {[%emt 0:00:24]} 1-0

[Event "Guimaraes Open 2018"]
[Site "Guimaraes"]
[Date "2018.10.06"]
[Round "4"]
[White "Fernandes, Joao Pedro Murtinho"]
[Black "Barrento, Jorge Maria Lopes"]
[Result "1-0"]
[WhiteElo "2052"]
[BlackElo "1696"]
[Annotator "NA RC"]
[PlyCount "59"]
[EventDate "2018.10.04"]
[EventType "swiss"]
[EventCountry "POR"]
[SourceTitle "playchess.com"]
[Source "ChessBase"]
[SourceQuality "1"]
[TimeControl "5400+30"]

1. e4 {[%emt 0:01:15]} Nf6 {[%emt 0:01:32]} 2. e5 {[%emt 0:00:11]} Nd5 3. d4 {[%emt 0:00:15]} d6 {[%emt 0:00:07]} 4. c4 {[%emt 0:00:14]} Nb6 {[%emt 0:00:02]} 5. exd6 {[%emt 0:00:12]} exd6 {[%emt 0:00:08]} 6. Nf3 {[%emt 0:00:24]} Be7 {[%emt 0:00:06]} 7. h3 {[%emt 0:00:42]} Nc6 {[%emt 0:12:25]} 8. d5 {[%emt 0:03:47]} Ne5 {[%emt 0:00:54]} 9. Nxe5 {[%emt 0:04:38]} dxe5 {[%emt 0:03:07]} 10. Be2 {[%emt 0:00:12]} O-O {[%emt 0:03:14]} 11. O-O {[%emt 0:00:09]} Bg5 {[%emt 0:01:29]} 12. Nc3 {[%emt 0:03:41]} Bxc1 {[%emt 0:06:49]} 13. Rxc1 {[%emt 0:01:16]} Qh4 {[%emt 0:02:21]} 14. Qd3 {[%emt 0:05:53]} f5 {[%emt 0:04:12]} 15. c5 {[%emt 0:02:16]} Nd7 {[%emt 0:03:56]} 16. d6 {[%emt 0:03:09]} cxd6 {[%emt 0:11:14]} 17. cxd6 {[%emt 0:01:06]} Kh8 {[%emt 0:07:56]} 18. Nd5 {[%emt 0:03:05]} e4 {[%emt 0:05:51]} 19. Qd4 {[%emt 0:02:30]} b6 {[%emt 0:02:48]} 20. Rc7 {[%emt 0:04:17]} Qh6 {[%emt 0:05:26]} 21. Ne7 {[%emt 0:04:58]} Nc5 {[%emt 0:02:11]} 22. Bc4 {[%emt 0:10:35]} Ne6 {[%emt 0:04:55]} 23. Qd5 {[%emt 0:02:42]} Nf4 {[%emt 0:04:24]} 24. Qxa8 {[%emt 0:03:34]} Nxh3+ {[%emt 0:00:41]} 25. gxh3 {[%emt 0:00:06]} Qxh3 {[%emt 0:00:33]} 26. Be2 {[%emt 0:00:29]} Qh4 {[%emt 0:03:18]} 27. Nxf5 {[%emt 0:00:29]} Qg5+ {[%emt 0:03:31]} 28. Ng3 {[%emt 0:00:06]} e3 {[%emt 0:00:16]} 29. Rxc8 {[%emt 0:01:04]} exf2+ {[%emt 0:01:58]} 30. Kg2 {[%emt 0:00:07]} 1-0

[Event "Guimaraes Open 2018"]
[Site "Guimaraes"]
[Date "2018.10.06"]
[Round "4"]
[White "Pintor, Simao Maciel Abranc"]
[Black "Campora Sivori, Daniel Hugo"]
[Result "0-1"]
[WhiteElo "2047"]
[BlackElo "2413"]
[Annotator "TA"]
[PlyCount "174"]
[EventDate "2018.10.04"]
[EventType "swiss"]
[EventCountry "POR"]
[SourceTitle "playchess.com"]
[Source "ChessBase"]
[SourceQuality "1"]

{[%evp 21,174,6,10,0,30,-3,9,-24,7,-17,0,0,9,-16,15,22,22,27,42,53,41,50,406,437,427,419,401,393,792,712,903,884,891,893,878,873,752,568,563,531,545,533,741,697,1295,1295,1212,738,802,802,786,698,691,674,802,802,801,787,764,637,615,498,486,484,524,524,527,523,486,317,335,341,341,335,313,318,454,447,495,475,532,525,509,505,447,260,304,304,311,311,311,311,377,377,288,99,99,99,99,32,33,33,33,30,31,0,0,0,0,0,0,0,0,0,0,-9,-9,-9,-9,-28,-11,-69,-51,-122,-39,-39,-39,-83,-82,-116,-102,-266,-259,-545,-493,-502,-277,-256,-256,-581,-497,-5915,-5903,-5927,-5907,-29980,-29981,-29984,-29985,-29985,-29986,-29987,-29988,-29988,-29989]} 1. e4 e5 2. Nf3 Nc6 3. Bc4 Bc5 4. c3 Nf6 5. d4 exd4 6. cxd4 Bb4+ 7. Bd2 Bxd2+ 8. Nbxd2 d5 9. exd5 Nxd5 10. Qb3 Nce7 11. O-O O-O 12. Ne4 {C54: Giuoco Piano: 4 c3 Nf6, main lines with 5 d4 and 5 d3} (12. Rfe1 c6 13. Ne4 Nb6 14. Bd3 Ned5 15. Nc5 Nf6 16. Rac1 Rb8 17. Qa3 a6 18. Qb3 Qc7 19. Ne4 Nfd5 20. Nc3 Qd6 21. Be4 {½-½ (36) Jones,G (2640)-Karjakin,S (2753) Wijk aan Zee 2018}) 12... c6 13. Rad1 {[%cal Ba1d1,Bd1d2,Bd2e2,Be2e4,Be4g4][%mdl 32]} a5 $146 ({Predecessor:} 13... Qb6) 14. a4 {The position is equal.} Rb8 15. h3 Bf5 16. Ng3 Bg6 17. Ne5 Nb4 18. Rd2 Ned5 19. f4 {aiming for f5.} f6 20. Nxg6 hxg6 21. f5 Qe8 $2 {[%mdl 8192]} (21... b5 $14 22. axb5 cxb5 23. Bxd5+ Qxd5) 22. Re2 $18 Qf7 23. fxg6 Qxg6 24. Nf5 Qg5 $2 (24... Rbe8 25. Bxd5+ Nxd5) 25. Re4 g6 26. Rg4 gxf5 27. Rxf5 Qxg4 28. hxg4 Rbe8 29. Qg3 Kg7 30. g5 Kg6 31. Qf2 Rf7 32. gxf6 Rxf6 33. Rxf6+ Nxf6 34. g4 {Black must now prevent Qf5+.} Nfd5 35. Qf5+ Kg7 36. g5 Re1+ 37. Kf2 Re8 {Hoping for ...Rf8.} 38. Qd7+ Re7 39. Qd6 Kf8 40. Be2 Kg7 41. Bf3 Nd3+ 42. Kg3 N3f4 43. b3 Re3 44. Qd7+ Re7 45. Qf5 Ne2+ 46. Bxe2 Rxe2 {[%mdl 4096] Endgame KQ-KRN} 47. Qd7+ Re7 48. Qd6 Re3+ (48... Rf7 $142 49. Qh6+ Kg8 50. Qg6+ Kf8) 49. Kg4 Re7 50. Kh5 Re3 51. Qg6+ Kf8 52. Qf5+ Kg7 53. g6 (53. Qc8 $142) 53... Nf6+ 54. Kg5 Rg3+ 55. Kf4 Rg4+ 56. Ke3 Rxg6 57. Kf3 Rg4 58. Qxa5 $2 (58. Qc8 $18) 58... Rxd4 $16 59. Qc7+ Rd7 60. Qc8 (60. Qg3+ $16 Kf7 61. Ke3) 60... Rd3+ $14 61. Kf4 Rxb3 62. Qc7+ Kg6 63. Qd6 (63. Ke5 {with more complications.} Re3+ 64. Kd4 Re4+ 65. Kd3 Rb4 66. a5) 63... Rb4+ 64. Kf3 Rxa4 65. Qd3+ Kg7 66. Qd6 Kg6 67. Qg3+ Kf5 {Strongly threatening ...Ra3+.} 68. Qh3+ Ke5 {( -> ...Ra3+)} 69. Qg3+ Ke6 {...Ra3+ is the strong threat.} 70. Qe1+ Re4 71. Qc3 ({White should try} 71. Qh1 $11) 71... Nd5 $15 72. Qg7 {[#]} (72. Qc5 $15 Re3+ 73. Kg4) 72... Rb4 (72... Re3+ $1 $17 73. Kg4 b5 74. Qg8+ Kd7) 73. Qg8+ Kd6 74. Qd8+ Kc5 75. Qa5+ b5 76. Qa7+ $2 (76. Ke2 $17 {was the only chance.}) 76... Kc4 $19 77. Qa2+ $2 {[#]} (77. Ke4 {was called for.}) 77... Rb3+ $1 78. Kf2 Nb4 79. Qe2+ Rd3 80. Qe4+ $2 (80. Qe6+ {is more resistant.} Rd5 81. Qg4+ Kc3 82. Qg7+ Rd4 83. Qa7) 80... Kb3 81. Ke2 (81. Qe6+ $142 Rd5 82. Qg6) 81... c5 82. Qb7 c4 83. Qxb5 c3 {Black mates.} 84. Qb7 c2 85. Qf7+ Kb2 86. Qc4 c1=Q 87. Qxb4+ Rb3 {Precision: White = 32%, Black = 48%.} 0-1